| 000 | 00632pam a2200181 a 4500 | ||
|---|---|---|---|
| 020 | _a9813083891 | ||
| 040 | _cDLC | ||
| 082 | 0 | 0 | _a519 SPI 1998 A031 Or. |
| 100 | 1 | _aSmith, Peter J., | |
| 245 | 1 | 0 |
_aInto statistics : _ba guide to understanding statistical concepts in engineering and the sciences / |
| 250 | _a2nd ed. | ||
| 260 |
_aSingapore ; _aNew York : _bSpringer, _cc1998. |
||
| 300 |
_axi, 534 p. : _bill. ; _c25 cm. |
||
| 650 | 0 | _aMathematical statistics. | |
| 856 | 4 | 2 | _uhttp://www.loc.gov/catdir/enhancements/fy0902/98010809-d.html |
| 856 | 4 | 1 | _uhttp://www.loc.gov/catdir/enhancements/fy0902/98010809-t.html |
| 942 | _cEK | ||
| 999 |
_c11866 _d11866 |
||